Muž s podivnou minulostí /

Hlavní autor: Follett, Ken, 1949-
Další autoři: Kříž, Pavel
Jazyk: Čeština
Vydáno: Praha : Knižní klub, 2014
Vydání: Vyd. 2.
Témata:
Fyzický popis: 346 s. ; 21 cm
Knihy
Uloženo v:
LEADER 01448nam a2200433 a 4500
001 nkc20142613412
003 CZ PrNK
005 20150209141236.0
007 ta
008 150113s2014 xr g 000 f cze
015 |a cnb002613412 
020 |a 978-80-242-4654-3  |q (váz.) 
035 |a (OCoLC)903089134 
040 |a ABA001  |b cze  |d OLA001 
041 1 |a cze  |h eng 
072 7 |a 821.111-3  |x Anglická próza, anglicky psaná  |2 Konspekt  |9 25 
080 |a 821.111-31  |2 MRF 
080 |a (0:82-311.6)  |2 MRF 
080 |a (0:82-311.3)  |2 MRF 
100 1 |a Follett, Ken,  |d 1949-  |7 jn20000810169  |4 aut 
245 1 0 |a Muž s podivnou minulostí /  |c Ken Follett ; [přeložil Pavel Kříž] 
250 |a Vyd. 2. 
260 |a Praha :  |b Knižní klub,  |c 2014 
300 |a 346 s. ;  |c 21 cm 
500 |a Přeloženo z angličtiny 
655 7 |a anglické romány  |7 fd131814  |2 czenas 
655 7 |a historické romány  |7 fd132414  |2 czenas 
655 7 |a dobrodružné romány  |7 fd132061  |2 czenas 
655 9 |a English fiction  |2 eczenas 
655 9 |a historical novels  |2 eczenas 
655 9 |a adventure novels  |2 eczenas 
700 1 |a Kříž, Pavel  |7 xx0032347  |4 trl 
765 0 |t Man from St. Petersburg  |9 Česky 
910 2 |a BOA001  |b 2-1339.706 
928 9 |a Euromedia Group - Knižní klub 
990 |a BK 
995 |a 01 
991 |b 201502  |c NOV  |e b 
996 6 |b 2610618679  |c 2-1339.706  |l MZK  |r Sklad / do 1 hodiny  |n 4  |p p.v.  |w 001483696  |u 000010  |a 1  |e BOA001  |j MZK50  |s P